1934 Football World Cup - Statistics

General Stats
  • This quiz has been taken 62 times
  • The average score is 29 of 34
Answer Stats
Results % Correct
2 Argentina
100%
1 Brazil
100%
2 France
100%
7 Italy
95%
1 Italy
95%
1 Italy
95%
1 Italy
95%
2 Italy
95%
3 Spain
95%
1 Spain
95%
0 Spain
95%
5 Germany
89%
2 Germany
89%
1 Germany
89%
3 Germany
89%
2 Netherlands
89%
3 Austria
84%
2 Austria
84%
0 Austria
84%
2 Austria
84%
1 United States Of America
84%
2 Belgium
79%
2 Czechoslovakia
79%
3 Czechoslovakia
79%
3 Czechoslovakia
79%
1 Czechoslovakia
79%
4 Hungary
79%
1 Hungary
79%
3 Sweden
79%
1 Sweden
79%
3 Switzerland
74%
2 Switzerland
74%
1 Romania
68%
2 Egypt
42%
No matching quizzes found
Score Distribution
Percent of People with Each Score
Percentile by Number Answered
Your Score History
You have not taken this quiz